TV Show Characters IV Quiz Stats

 Plays Quiz Updated Sep 4, 2014

Support Sporcle.
Go Orange.
Score 0/25 Timer 06:00
2 Plays Today
Hint Answer % Correct
Wilma Flintstone (The Flintstones)
86.4%
Patrick Star (SpongeBob SquarePants)
76.7%
Walter White (Breaking Bad)
75%
Cosmo Kramer (Seinfeld)
73%
Marcia Brady (The Brady Bunch)
71.7%
Thomas Magnum (Magnum, PI)
61.3%
Stephanie Tanner (Full House)
54.7%
Claire Dunphy (Modern Family)
50.1%
Lizzie McGuire (Lizzie McGuire)
48.4%
Cory Matthews (Boy Meets World)
46.4%
Samantha Stephens (Bewitched)
44.8%
Rory Gilmore (Gilmore Girls)
41.6%
Dr. Cristina Yang (Grey's Anatomy)
28.6%
Hint Answer % Correct
Abed Nadir (Community)
27.9%
Jed Bartlet (The West Wing)
26.1%
Olivia Pope (Scandal)
24.2%
Dean Winchester (Supernatural)
23.7%
Basil Fawlty (Fawlty Towers)
22.8%
Jake the Dog (Adventure Time)
19.9%
Amy Pond (Dr. Who)
19.8%
Selina Meyer (Veep)
15.2%
Neal Caffrey (White Collar)
13%
Logan Echolls (Veronica Mars)
9.4%
Penny Hartz (Happy Endings)
7.2%
Simon Bellamy (Misfits)
5.8%

You're not logged in!

Compare scores with friends on all Sporcle quizzes.
OR
Log In
Forgot?

From the Vault

Missing Word Crossword: World Leaders

by BookishGirl98

It's usually a big deal if world leaders go missing.
Remove Ads.
Support Sporcle.
Get the best of Sporcle when you Go Orange. This ad-free experience offers more features, more stats, and more fun while also helping to support Sporcle. Thank you for becoming a member.

Show Comments

Extras

Top Quizzes Today


Score Distribution

Your Account Isn't Verified!

In order to create a playlist on Sporcle, you need to verify the email address you used during registration. Go to your Sporcle Settings to finish the process.

Report this User

Report this user for behavior that violates our Community Guidelines.

Details: